000 00476cam a22001457a 4500
008 180718b2000 xxu||||| |||| 00| 0 eng d
020 _a0415240085
082 _aA2:BA27 Sy44/45/1999
245 _aInternational bibliography of the social sciences
_cedited by Jean Sykes
260 _aLondon
_bRoutledge
_c2000
300 _a484p.
500 _aContents: v.45 International bibliography of anthropology, 484p.
650 _aAnthropology - Bibliography
700 _aSykes, Jean
999 _c396120
_d396120